• 首页
  • 本馆介绍
  • 公告通知
  • 最新文献
  • 馆藏检索
  • 电子资源
  • 读者导购
  • 参考咨询
  • 我的图书馆
  • 登录
  • 详细信息显示
  • 放入我的书架
  • 预约/预借图书
  • 作者相关作品
  • 分类相关作品
  • 丛书相关作品
  • 出版社相关作品

书目信息

  • 表格格式
  • 工作单格式
  • 卡片格式
题名:
征服心理测试
    
 
作者: 帕金森 著 ;金马 译
分册:  
出版信息: 北京   世界图书出版公司  2005
页数: 177页
开本: 21cm
丛书名:
单 册:
中图分类: C913.2 , B841.7
科图分类:
主题词: 职业选择 , 能力倾向测验 , 职业选择--能力倾向测验 , 心理学研究方法
电子资源:
ISBN: 7-5062-7168-0
000 01262nam0 2200325 450
001 1257397818
005 20120928155904.17
010    @a7-5062-7168-0@dCNY16.80
100    @a20070226d2005 em y0chiy50 ea
101 1  @achi@ceng
102    @aCN@b110000
105    @ay z 000yy
106    @ar
200 1  @a征服心理测试@e应聘中能力和个性测试的应对技巧@f(英)马克·帕金森(Mark Parkinson)著@g金马译@Azheng fu xin li ce shi
210    @a北京@c世界图书出版公司@d2005
215    @a177页@c图@d21cm
305    @a本书据原书第二版译出 英国Kogan Page公司授权出版
330    @a本书主要是教你如何为主要几种类型的测试做准备,在以下几方面为您提供建议:如何做好测试前的准备;怎样应付紧张情绪;测试中一些典型问题的应答技巧。
510 1  @aHow to master psychometric tests@zeng
517 1  @a应聘中能力和个性测试的应对技巧@Aying pin zhong neng li he ge xing ce shi de ying dui ji qiao
606 0  @a职业选择
606 0  @a能力倾向测验
606 0  @a职业选择@x能力倾向测验
606 0  @a心理学研究方法
690    @aC913.2@v4
690    @aB841.7@v4
701  0 @c(英)@a帕金森@c(Parkinson, Mark)@4著@Apa jin sen
702  0 @a金马@c(翻译)@4译@Ajin ma
801  0 @aCN@b大连网信软件有限公司图书馆·11@c20120928
905    @a10447@dB841.7@eJY412
    
    征服心理测试:应聘中能力和个性测试的应对技巧/(英)马克·帕金森(Mark Parkinson)著/金马译.-北京:世界图书出版公司,2005
    177页:图;21cm
    
    
    ISBN 7-5062-7168-0:CNY16.80
    本书主要是教你如何为主要几种类型的测试做准备,在以下几方面为您提供建议:如何做好测试前的准备;怎样应付紧张情绪;测试中一些典型问题的应答技巧。
●
相关链接 在E读中查询图书 在五车中查询图书 在当当中查询图书 在豆瓣中查询图书


正题名:征服心理测试     索取号:B841.7/JY412         预约/预借

序号 登录号 条形码 馆藏地/架位号 状态 备注
1 7804186   278041860   学院路分馆/ [索取号:B841.7/JY412] 在馆    
2 7804187   278041879   学院路分馆/ [索取号:B841.7/JY412] 在馆    
唐山师范学院图书馆 欢迎您!
大连网信软件有限公司© 版权所有